000 00681nam a2200181 i 4500
001 115829
003 ES-MaACL
005 20230906190553.0
007 t|
008 061121s1932 uy r ||||1| spa d
100 1 _aGonzález, J. Natalicio.
_958323
245 1 0 _aMensaje de los intelectuales de América sobre el conflicto del Chaco /
_cJ. Natalicio González ; seguido de un artículo de Juan E O'Leary sobre Puerto Pacheco.
260 _aMontevideo ( Uruguay) :
_bComisión Pro-Defensa del Paraguay,
_c1932.
300 _a22 p. ;
_c16 cm.
650 4 _aGuerra del Chaco, 1932-1935.
_913197
700 1 _aO'Leary, Juan E. (
_d1879-1969)
_986341
852 _aES-MaACL
_j1784-F-5
999 _c115829
_d115829